Geography Quiz

Random Geography or City Quiz

Largest Mid-Atlantic Cities Quiz Stats

 Plays Quiz not verified by Sporcle

Score 0/10 Timer 10:00
0 Plays Today
% Correct
New York
100%
Washington, D.C.
98.1%
Baltimore
98.1%
Philadelphia
98.1%
Pittsburgh
97.1%
Buffalo
95.1%
Newark
94.2%
Virginia Beach
85.4%
Jersey City
77.7%
Norfolk
72.8%

You're not logged in!

Compare scores with friends on all Sporcle quizzes.
Join for Free
OR
Log In

You Might Also Like...

Show Comments

Extras

Created Jan 7, 2016ReportNominate
Tags:City Quiz, largest, mid-atlantic

Top Quizzes Today


Score Distribution

Your Account Isn't Verified!

In order to create a playlist on Sporcle, you need to verify the email address you used during registration. Go to your Sporcle Settings to finish the process.

Report this User

Report this user for behavior that violates our Community Guidelines.

Details: